000 01038nam a22002537a 4500
999 _c101843
_d101843
005 20230703101318.0
010 _a1617EN ENG-116224 ENG-137234
020 _a9780198060451
_c895.00
035 _aB-649788-796
035 _aEN-99756 EN-120766
035 _aB-664898
037 _bUppal
037 _bDBAD/PUB
082 _a320.954
100 _aParekh, Bhikhu
245 _aDebating India:
_bessays on Indian political discourse /
_cby Bhikhu Parekh
260 _aNew Delhi
_bOxford University Press
_c2015
270 _aYMCA Library Building, 1 Jai Singh Road,
_bNew Delhi
_e110001
300 _axix, 374p.
_c22cm(Hb)
500 _aIncludes index
942 _2ddc
_cEN
_mPAR
_h320.954